00488 2200193 4500001002100000005001500021008004100036020002200077035001900099041000700118082001000125090001600135100001600151245002200167260004200189300002200231500001100253650003000264INLIS00000000000329520241224112709241224||||||||| | ||| |||| || |  a978-979-26-6538-3 0010-1224003295 aid0 a923.1 a923.1 OLI m0 aDavid Olive00aMau Kemana Obama? aJakartabZahra Publishing Housec2008 a272 hlm.; 20.5 cm aCet. 1 0aIlmu Sejarah dan Biografi